[Event "Open"]
[Site "Schneeberg"]
[Date "2009.03.12"]
[Round "6.2"]
[White "Nabavi, Parwis"]
[Black "Kindl, Bjoern"]
[Result "1-0"]
[WhiteElo "2113"]
[BlackElo "1443"]
[PlyCount "49"]
[EventDate "2009.??.??"]
[WhiteTeam "Schweiz"]
[BlackTeam "Deutschland"]
[WhiteTeamCountry "SUI"]
[BlackTeamCountry "GER"]

1. d4 d6 2. e4 Nf6 3. Nc3 g6 4. Nf3 Bg7 5. Be2 O-O 6. O-O Nc6 7. Re1 e5 8. d5
Ne7 9. a4 Nd7 10. Nd2 f5 11. Nc4 Nc5 12. Bf3 fxe4 13. Nxe4 Nxe4 14. Bxe4 Nf5
15. Bd2 Qf6 16. Ra3 Nh4 17. f3 Bd7 18. Qc1 Nf5 19. b4 a6 20. Na5 Rab8 21. Nb3
c6 22. Na5 Ne7 23. dxc6 Nxc6 24. Bd5+ Kh8 25. Bg5 1-0

[Event "Open"]
[Site "Schneeberg"]
[Date "2009.03.12"]
[Round "6.2"]
[White "Bach, Markus"]
[Black "Faber, Lutz"]
[Result "1/2-1/2"]
[WhiteElo "1959"]
[BlackElo "1749"]
[PlyCount "107"]
[EventDate "2009.??.??"]

1. d4 Nf6 2. Nf3 g6 3. Bg5 Bg7 4. c3 d6 5. e3 O-O 6. Bc4 Nbd7 7. O-O Nb6 8. Bb3
Re8 9. a4 a5 10. Na3 c6 11. Nc4 Nxc4 12. Bxc4 d5 13. Bd3 Qc7 14. b4 Nd7 15. Qb3
e5 16. Bc2 axb4 17. cxb4 f5 18. dxe5 Nxe5 19. Nd4 h6 20. Bf4 Qf7 21. Rad1 Nc4
22. Rfe1 g5 23. Bg3 f4 24. exf4 Rxe1+ 25. Rxe1 Bxd4 26. fxg5 hxg5 27. Qd3 Bf6
28. f4 g4 29. Bf2 Bd7 30. a5 Nb2 31. Qg3 Re8 32. h3 Rxe1+ 33. Bxe1 Bd4+ 34. Kh2
Qg7 35. hxg4 Qxg4 36. Qxg4+ Bxg4 37. Kg3 Bd7 38. f5 Nc4 39. Bf2 Bxf2+ 40. Kxf2
Ne5 41. Ke3 Kf7 42. Kf4 Kf6 43. g4 Nf7 44. Bd3 Ng5 45. Bf1 Be8 46. a6 bxa6 47.
Bxa6 Ne4 48. Bd3 Nc3 49. g5+ Kf7 50. Ke5 Na2 51. g6+ Kg8 52. b5 cxb5 53. f6 Nc1
54. f7+ 1/2-1/2

[Event "Open"]
[Site "Schneeberg"]
[Date "2009.03.12"]
[Round "6.2"]
[White "Gottwald, Lutz"]
[Black "Stark, Saskia"]
[Result "1/2-1/2"]
[WhiteElo "1900"]
[BlackElo "1929"]
[PlyCount "83"]
[EventDate "2009.??.??"]
[WhiteTeam "Deutschland"]
[BlackTeam "Deutschland"]
[WhiteTeamCountry "GER"]
[BlackTeamCountry "GER"]

1. d4 d5 2. c4 dxc4 3. Nc3 e5 4. dxe5 Qxd1+ 5. Kxd1 Be6 6. e4 Nc6 7. Bf4 Nge7
8. Bg3 g5 9. Nf3 h6 10. h4 g4 11. Nd2 O-O-O 12. Kc1 Bg7 13. Nxc4 Ng6 14. Be2
Ngxe5 15. Nxe5 Bxe5 16. Bxe5 Nxe5 17. Rd1 f5 18. f4 gxf3 19. gxf3 Ng6 20. Kc2
Rdf8 21. Rh1 fxe4 22. fxe4 Rf4 23. h5 Ne5 24. Raf1 Rhf8 25. Rxf4 Rxf4 26. Rf1
Rxf1 27. Bxf1 Ng4 28. Nd1 Nf6 29. Kd3 Bxa2 30. Ne3 Bb1+ 31. Kd4 Nxe4 32. Bh3+
Kd8 33. Bf5 c5+ 34. Ke5 Ng3 35. Bxb1 Nxh5 36. Nf5 Kc7 37. Be4 Kb6 38. Bf3 Ka5
39. Bxh5 Kb4 40. Bf7 c4 41. Nd4 a6 42. Ke4 1/2-1/2

[Event "Open"]
[Site "Schneeberg"]
[Date "2009.03.12"]
[Round "6.2"]
[White "Poessel, Christian"]
[Black "Bennewitz, Ralph"]
[Result "1/2-1/2"]
[WhiteElo "1582"]
[BlackElo "1748"]
[PlyCount "114"]
[EventDate "2009.??.??"]

1. d4 Nf6 2. c4 e6 3. Nc3 d5 4. Nf3 Be7 5. Bf4 a6 6. e3 O-O 7. Bd3 dxc4 8. Bxc4
b5 9. Bd3 Bb7 10. O-O Nbd7 11. Rc1 c5 12. dxc5 Nxc5 13. Bb1 Qxd1 14. Rfxd1 Bxf3
15. gxf3 b4 16. Ne2 Nd5 17. Bg3 Rac8 18. Nd4 Na4 19. Nc6 Bf6 20. e4 Ndc3 21.
bxc3 Nxc3 22. Rxc3 bxc3 23. Nb4 a5 24. Nc2 Rfd8 25. Rf1 g5 26. f4 h6 27. fxg5
hxg5 28. Kg2 Rd2 29. Kf3 Bd4 30. Nxd4 Rxd4 31. Rc1 Rd2 32. Bc2 f6 33. h4 gxh4
34. Bxh4 Rb8 35. Bxf6 Rb2 36. Bxc3 Rbxc2 37. Bxd2 Rxd2 38. Ra1 Kf7 39. a4 Rd4
40. Ke3 Rb4 41. f4 Rb3+ 42. Kd4 Rb4+ 43. Ke3 Kf6 44. Ra3 Rc4 45. Ra1 Rc3+ 46.
Kd4 Rb3 47. Rh1 Rb4+ 48. Ke3 Rxa4 49. Rh6+ Kf7 50. e5 Rb4 51. Rh7+ Kg6 52. Re7
Kf5 53. Rf7+ Kg4 54. Rf6 Rb3+ 55. Ke4 Rb4+ 56. Ke3 Rb3+ 57. Ke4 Rb4+ 1/2-1/2

[Event "Open"]
[Site "Schneeberg"]
[Date "2009.03.12"]
[Round "6.2"]
[White "Wiezer, Siegfried"]
[Black "Coder, Thorsten"]
[Result "1-0"]
[WhiteElo "2030"]
[BlackElo "1986"]
[PlyCount "93"]
[EventDate "2009.??.??"]
[WhiteTeam "Deutschland"]
[BlackTeam "Deutschland"]
[WhiteTeamCountry "GER"]
[BlackTeamCountry "GER"]

1. Nf3 d5 2. b4 c6 3. e3 Bf5 4. a3 e6 5. c4 Bd6 6. Bb2 Nf6 7. Be2 Nbd7 8. d4 a6
9. Nbd2 Ne4 10. O-O O-O 11. Qe1 Qf6 12. Nxe4 Bxe4 13. Nd2 Qh6 14. f4 f5 15.
Nxe4 fxe4 16. Kh1 Kh8 17. b5 g5 18. g3 gxf4 19. gxf4 Rg8 20. bxa6 bxa6 21. Rg1
Rxg1+ 22. Qxg1 Rg8 23. Qf2 Rb8 24. Bd1 Be7 25. Ba4 Bh4 26. Qe2 Nb6 27. Bxc6
Nxc4 28. Bc1 Rg8 29. Ra2 Qg7 30. Qf1 Be7 31. Ba4 Qf8 32. Bd7 Qf5 33. Ba4 Nd6
34. Rg2 Rxg2 35. Qxg2 Nc4 36. Bd1 Nxa3 37. Bg4 Qg6 38. Qh3 Nc2 39. Bxe6 Ne1 40.
Bxd5 Nd3 41. Qc8+ Kg7 42. Qg8+ Kf6 43. Qe6+ Kg7 44. Qxe7+ Kh6 45. Qh4+ Kg7 46.
Ba3 Qb6 47. Qg5+ 1-0

[Event "Open"]
[Site "Schneeberg"]
[Date "2009.03.12"]
[Round "6.2"]
[White "Opitz, Frank"]
[Black "Spitzner, Frank"]
[Result "1-0"]
[WhiteElo "2009"]
[BlackElo "1806"]
[PlyCount "35"]
[EventDate "2009.??.??"]

1. d4 f5 2. Nc3 Nf6 3. Bg5 g6 4. Qd2 h6 5. Bxf6 exf6 6. O-O-O d6 7. e4 fxe4 8.
Nxe4 Bg7 9. f4 f5 10. Nc3 O-O 11. Bc4+ Kh7 12. h4 c6 13. Nf3 d5 14. Bd3 Bf6 15.
h5 Kg7 16. hxg6 Kxg6 17. g4 Qb6 18. gxf5+ 1-0

[Event "Open"]
[Site "Schneeberg"]
[Date "2009.03.12"]
[Round "6.2"]
[White "Lassahn, Holger"]
[Black "Fuchs, Florian"]
[Result "1-0"]
[WhiteElo "2007"]
[BlackElo "1878"]
[PlyCount "87"]
[EventDate "2009.??.??"]
[WhiteTeam "Deutschland"]
[BlackTeam "Deutschland"]
[WhiteTeamCountry "GER"]
[BlackTeamCountry "GER"]

1. f4 e5 2. fxe5 d6 3. Nf3 g5 4. d4 g4 5. Ng5 d5 6. e4 h6 7. Nxf7 Kxf7 8. exd5
Qxd5 9. Bd3 Qxg2 10. Rf1+ Ke7 11. b3 Bg7 12. Nc3 Be6 13. Be4 Qxh2 14. Qd3 Qh4+
15. Kd1 Nd7 16. Bd5 Qh5 17. Ba3+ c5 18. Bxe6 Kxe6 19. Bxc5 g3+ 20. Kc1 Nxc5 21.
Qc4+ Ke7 22. Qxc5+ Ke8 23. Qb5+ Kd8 24. Qd5+ Kc8 25. Qc5+ Kb8 26. Rf8+ Bxf8 27.
Qxf8+ Kc7 28. Nd5+ Kd7 29. Qd6+ Ke8 30. Nc7+ Kf7 31. Nxa8 Qg5+ 32. Kb2 Ne7 33.
Nc7 g2 34. Rg1 Rh7 35. Qe6+ Kf8 36. Qh3 Qf5 37. Qxg2 Qd7 38. Rf1+ Nf5 39. Qg4
Qxc7 40. Rxf5+ Rf7 41. Qg6 Rxf5 42. Qxf5+ Ke8 43. Qg6+ Kd8 44. Qg8+ 1-0

[Event "Open"]
[Site "Schneeberg"]
[Date "2009.03.13"]
[Round "7.1"]
[White "Laubsch, Bernd"]
[Black "Meijers, Viesturs"]
[Result "1-0"]
[WhiteElo "2285"]
[BlackElo "2493"]
[PlyCount "117"]
[EventDate "2009.??.??"]

1. e4 c5 2. Nf3 b6 3. d4 cxd4 4. Nxd4 Bb7 5. Nc3 a6 6. Be2 e6 7. O-O d6 8. f4
Nd7 9. Bf3 Rc8 10. Kh1 Qc7 11. Qe2 Be7 12. Be3 b5 13. Rae1 b4 14. Na4 Ngf6 15.
Bd2 Nc5 16. Nxc5 dxc5 17. Nb3 c4 18. Nd4 c3 19. bxc3 bxc3 20. Bc1 Qc4 21. Nb3
Qxe2 22. Rxe2 O-O 23. g4 Rfd8 24. g5 Nd7 25. Be3 a5 26. Rb1 Ba6 27. Ree1 a4 28.
Na5 Ba3 29. e5 Bb2 30. Bb7 Bb5 31. Rbd1 Rc7 32. Bb6 Rxb7 33. Bxd8 Ra7 34. Rd4
Ra8 35. Bc7 Rc8 36. Bd6 Nb8 37. Kg1 Nc6 38. Nxc6 Bxc6 39. a3 h6 40. gxh6 gxh6
41. Kf2 Kh7 42. Rc4 Bd7 43. Rxc8 Bxc8 44. Rg1 Bb7 45. Ke3 Bd5 46. h4 Bc6 47. h5
Bd5 48. Be7 Bc6 49. Kd4 Ba8 50. Bf6 Bxa3 51. Rg7+ Kh8 52. Rxf7+ Kg8 53. Rg7+
Kf8 54. Ra7 Bc6 55. Bg7+ Ke8 56. Bxh6 Bf3 57. Rxa4 Bb2 58. Bg5 Bxh5 59. Ra7 1-0

[Event "Open"]
[Site "Schneeberg"]
[Date "2009.03.13"]
[Round "7.1"]
[White "Wichmann, Cliff"]
[Black "Simutowe, Amon"]
[Result "0-1"]
[WhiteElo "2389"]
[BlackElo "2485"]
[PlyCount "64"]
[EventDate "2009.??.??"]

1. e4 e6 2. d4 d5 3. Nc3 Bb4 4. exd5 exd5 5. Bd3 Nf6 6. Nge2 c6 7. O-O O-O 8.
Ng3 Re8 9. h3 Nbd7 10. Qf3 Nf8 11. Nce2 Ng6 12. Bg5 Be7 13. Rae1 h6 14. Bc1 Nh4
15. Qf4 g5 16. Qd2 Bxh3 17. f4 Bxg2 18. fxg5 Ne4 19. Qf4 Bxf1 20. Rxf1 Bxg5 21.
Qxf7+ Kh8 22. Bf4 Bxf4 23. Rxf4 Qg5 24. Qxb7 Rf8 25. Bxe4 dxe4 26. Qxc6 e3 27.
Qh1 Ng6 28. Rf5 Rxf5 29. Qxa8+ Rf8 30. Qxa7 Nf4 31. Nxf4 Qxg3+ 32. Ng2 Rf1+ 0-1

[Event "Open"]
[Site "Schneeberg"]
[Date "2009.03.13"]
[Round "7.1"]
[White "Schulz, Karsten"]
[Black "Eichner, Sebastian"]
[Result "1/2-1/2"]
[WhiteElo "2288"]
[BlackElo "2326"]
[PlyCount "29"]
[EventDate "2009.??.??"]
[WhiteTeam "Deutschland"]
[BlackTeam "Deutschland"]
[WhiteTeamCountry "GER"]
[BlackTeamCountry "GER"]

1. Nf3 d5 2. g3 Bg4 3. Bg2 Nd7 4. d4 e6 5. O-O Ngf6 6. c4 c6 7. Qb3 Qb6 8. c5
Qxb3 9. axb3 a6 10. b4 Rc8 11. Nbd2 Be7 12. Nb3 Bd8 13. Bf4 Bc7 14. Bxc7 Rxc7
15. Rfe1 1/2-1/2

[Event "Open"]
[Site "Schneeberg"]
[Date "2009.03.13"]
[Round "7.1"]
[White "Welz, Peter Dr"]
[Black "Schnabel, Ralf"]
[Result "0-1"]
[WhiteElo "2232"]
[BlackElo "2245"]
[PlyCount "112"]
[EventDate "2009.??.??"]

1. e4 d5 2. exd5 Qxd5 3. Nc3 Qd6 4. d4 Bf5 5. Bc4 e6 6. Nge2 c6 7. Bf4 Qd8 8.
a3 Nf6 9. Qd2 Nbd7 10. f3 Be7 11. g4 Bg6 12. h4 h5 13. g5 Nd5 14. Nxd5 cxd5 15.
Bd3 Bxd3 16. Qxd3 g6 17. O-O-O Nb6 18. Be5 Rg8 19. Qb5+ Qd7 20. Nc3 Qxb5 21.
Nxb5 Kd7 22. Rd3 Rgc8 23. f4 Rc6 24. Rc3 Nc4 25. Rb3 a6 26. Nc3 Na5 27. Rb4
Rac8 28. Rh2 Bxb4 29. axb4 Nc4 30. Na4 b6 31. Kb1 Ne3 32. c3 Ra8 33. Ka2 Kc8
34. Rh3 Nf5 35. Kb3 Kb7 36. Rh1 Rd8 37. Rh3 Rcc8 38. Bf6 Rd7 39. Be5 Kc6 40.
Rh1 Ra7 41. Rh3 a5 42. Rh1 Rca8 43. Rc1 b5 44. Nc5 Nxh4 45. bxa5 Rxa5 46. Nd3
Ra1 47. Rc2 Nf5 48. Bf6 Kb6 49. Ne5 R1a7 50. Re2 Ng3 51. Re3 Ne4 52. Kb4 Rc8
53. b3 Rac7 54. c4 bxc4 55. bxc4 Rxc4+ 56. Nxc4+ Rxc4+ 0-1

[Event "Open"]
[Site "Schneeberg"]
[Date "2009.03.13"]
[Round "7.1"]
[White "Bachmann, Uwe"]
[Black "Nabavi, Parwis"]
[Result "1-0"]
[WhiteElo "2042"]
[BlackElo "2113"]
[PlyCount "127"]
[EventDate "2009.??.??"]
[WhiteTeam "Deutschland"]
[BlackTeam "Schweiz"]
[WhiteTeamCountry "GER"]
[BlackTeamCountry "SUI"]

1. Nf3 d5 2. d4 Nf6 3. Bf4 e6 4. c3 c5 5. e3 Nc6 6. Nbd2 Be7 7. h3 O-O 8. Bd3
b6 9. O-O Bb7 10. Re1 Rc8 11. Qe2 Nd7 12. Rac1 Bf6 13. Bb1 e5 14. dxe5 Ndxe5
15. Nxe5 Nxe5 16. Bxe5 Bxe5 17. Qh5 Re8 18. Qxh7+ Kf8 19. f4 Bf6 20. e4 g6 21.
e5 Bg7 22. e6 Rxe6 23. Rxe6 fxe6 24. Qxg6 Qf6 25. Qxf6+ Bxf6 26. Re1 Kf7 27.
Nf3 d4 28. Ng5+ Bxg5 29. fxg5 Re8 30. g6+ Kg7 31. Re5 Ba6 32. Re1 Bb7 33. Re5
Ba6 34. Be4 Kf6 35. Rh5 d3 36. Rh7 Rd8 37. Rf7+ Ke5 38. g7 Rg8 39. Bf3 Bc4 40.
b3 Bd5 41. Kf2 a5 42. Ke3 c4 43. bxc4 Bxc4 44. a3 Kd6 45. h4 e5 46. Rb7 Kc5 47.
h5 Rd8 48. Kd2 Bg8 49. Be4 Rd6 50. Rb8 Bb3 51. g8=Q Bxg8 52. Rxg8 Kc4 53. Rg6
Rd8 54. Rxb6 Rf8 55. Rc6+ Kb5 56. h6 Rf4 57. Kxd3 Rh4 58. h7 Ka4 59. Rc8 Kxa3
60. h8=Q Rxh8 61. Rxh8 a4 62. Kc2 Ka2 63. Ra8 Ka3 64. g4 1-0

[Event "Open"]
[Site "Schneeberg"]
[Date "2009.03.13"]
[Round "7.2"]
[White "Eichner, Christian"]
[Black "Bach, Markus"]
[Result "1/2-1/2"]
[WhiteElo "2161"]
[BlackElo "1959"]
[PlyCount "61"]
[EventDate "2009.??.??"]
[WhiteTeam "Deutschland"]
[BlackTeam "Deutschland"]
[WhiteTeamCountry "GER"]
[BlackTeamCountry "GER"]

1. e4 e5 2. Bc4 Nf6 3. d4 Nxe4 4. dxe5 d6 5. Bxf7+ Kxf7 6. Qd5+ Be6 7. Qxe4 Nc6
8. Nf3 Be7 9. O-O Nxe5 10. Qxb7 Re8 11. Nc3 Nxf3+ 12. Qxf3+ Kg8 13. Nd5 Bf8 14.
Bd2 c6 15. Nb4 Rc8 16. Rfe1 Qb6 17. b3 a5 18. Nd3 Bf7 19. Qf5 Qb5 20. Qxb5 cxb5
21. Bxa5 Rxc2 22. Rxe8 Bxe8 23. a4 bxa4 24. bxa4 Rc4 25. Nb2 Rc2 26. Nd1 Rc4
27. Nc3 g6 28. Nd1 Rc2 29. Nc3 Bxa4 30. Nd1 Rc1 31. Rxa4 1/2-1/2

[Event "Open"]
[Site "Schneeberg"]
[Date "2009.03.13"]
[Round "7.2"]
[White "Faber, Lutz"]
[Black "Wiezer, Siegfried"]
[Result "0-1"]
[WhiteElo "1749"]
[BlackElo "2030"]
[PlyCount "52"]
[EventDate "2009.??.??"]

1. Nc3 d5 2. e4 d4 3. Nce2 e5 4. Ng3 Nf6 5. Bc4 Bd6 6. d3 Nc6 7. a3 Be6 8. Bxe6
fxe6 9. Nh3 Qe7 10. Bd2 O-O 11. O-O Rae8 12. Qe2 b5 13. f4 exf4 14. Bxf4 Ne5
15. Bg5 h6 16. Bxf6 Rxf6 17. Nh5 Rxf1+ 18. Rxf1 Rf8 19. Rxf8+ Qxf8 20. N3f4 Qf7
21. Qf2 g5 22. Nxe6 Qxh5 23. Nxd4 Bc5 24. c3 Qd1+ 25. Qf1 Qxd3 26. Qf2 Qb1+ 0-1

[Event "Open"]
[Site "Schneeberg"]
[Date "2009.03.13"]
[Round "7.2"]
[White "Zimmermann, Rene"]
[Black "Gottwald, Lutz"]
[Result "1-0"]
[WhiteElo "2016"]
[BlackElo "1900"]
[PlyCount "59"]
[EventDate "2009.??.??"]
[WhiteTeam "Deutschland"]
[BlackTeam "Deutschland"]
[WhiteTeamCountry "GER"]
[BlackTeamCountry "GER"]

1. Nf3 f5 2. d4 Nf6 3. c4 g6 4. g3 Bg7 5. Bg2 O-O 6. O-O d6 7. Qb3 Kh8 8. Nc3
c6 9. d5 Qe8 10. e4 Nxe4 11. Nxe4 fxe4 12. Ng5 Na6 13. Nxe4 Rb8 14. Bd2 Bf5 15.
Bc3 Qd7 16. Ng5 Nc5 17. Bxg7+ Kxg7 18. Qc3+ Kg8 19. b4 Na6 20. Rfe1 Nc7 21. Qd4
h6 22. Ne4 a6 23. Rad1 cxd5 24. cxd5 Rbc8 25. Nc3 e5 26. dxe6 Nxe6 27. Bd5 Kh7
28. Bxe6 Bxe6 29. Ne4 Qc6 30. Nf6+ 1-0

[Event "Open"]
[Site "Schneeberg"]
[Date "2009.03.13"]
[Round "7.2"]
[White "Bennewitz, Ralph"]
[Black "Opitz, Frank"]
[Result "1/2-1/2"]
[WhiteElo "1748"]
[BlackElo "2009"]
[PlyCount "113"]
[EventDate "2009.??.??"]

1. b3 e5 2. Bb2 d6 3. e3 Nc6 4. d4 Nf6 5. dxe5 Nxe5 6. Nf3 Bg4 7. Be2 Nc6 8.
Nbd2 Be7 9. O-O Qd7 10. a3 O-O 11. c4 Rad8 12. Qc2 h6 13. Rad1 Qe6 14. Rfe1 Nd7
15. Nd4 Nxd4 16. Bxd4 Bxe2 17. Rxe2 Bf6 18. Ne4 Bh4 19. Nd2 f5 20. Nf3 Bf6 21.
Bxf6 Qxf6 22. Nd4 a6 23. b4 Ne5 24. c5 d5 25. a4 c6 26. b5 axb5 27. axb5 Rde8
28. bxc6 bxc6 29. Rde1 Ra8 30. f3 Nc4 31. Nb3 Ra3 32. e4 f4 33. exd5 Ne3 34.
Qb2 Qxb2 35. Rxb2 cxd5 36. Ra1 Rxa1+ 37. Nxa1 Rc8 38. Nb3 Kf7 39. Rd2 Rb8 40.
Rd3 Kf6 41. g3 g5 42. gxf4 gxf4 43. c6 Rc8 44. Rc3 Ke5 45. c7 d4 46. Rc1 d3 47.
Kf2 Kd6 48. Ke1 Rxc7 49. Rxc7 Kxc7 50. Kd2 Kd6 51. Kxd3 Ke5 52. Nd2 Kd5 53. Ne4
Nf1 54. Ke2 Nxh2 55. Nf6+ Ke5 56. Nh5 Kf5 57. Kf2 1/2-1/2

[Event "Open"]
[Site "Schneeberg"]
[Date "2009.03.13"]
[Round "7.2"]
[White "Kindl, Bjoern"]
[Black "Lassahn, Holger"]
[Result "0-1"]
[WhiteElo "1443"]
[BlackElo "2007"]
[PlyCount "78"]
[EventDate "2009.??.??"]
[WhiteTeam "Deutschland"]
[BlackTeam "Deutschland"]
[WhiteTeamCountry "GER"]
[BlackTeamCountry "GER"]

1. Nc3 d5 2. e4 dxe4 3. Nxe4 c6 4. Bc4 e6 5. c3 Nd7 6. Nf3 Ngf6 7. Nxf6+ Nxf6
8. d4 Be7 9. O-O O-O 10. Qc2 h6 11. Bd2 Kh8 12. Bd3 b6 13. Qc1 Ng8 14. Ne5 Bb7
15. Qc2 Bd6 16. Nc4 Bc7 17. Rae1 c5 18. dxc5 bxc5 19. Rd1 Qh4 20. g3 Qh3 21.
Be4 Nf6 22. f3 Nxe4 23. fxe4 Bxg3 24. Bf4 Bxf4 25. Rxf4 g5 26. Rf2 Qg4+ 27. Rg2
Qxe4 28. Qxe4 Bxe4 29. Rf2 Rad8 30. Rxd8 Rxd8 31. Rxf7 Rd1+ 32. Kf2 Bd5 33. Ne5
Rd2+ 34. Kg3 Rg2+ 35. Kh3 Re2 36. Ng6+ Kg8 37. Rxa7 Be4 38. Ne7+ Kf8 39. b3 h5
0-1

[Event "Open"]
[Site "Schneeberg"]
[Date "2009.03.13"]
[Round "7.2"]
[White "Fischer, Gerd"]
[Black "Hoffmann, Carol"]
[Result "1/2-1/2"]
[WhiteElo "1998"]
[BlackElo "1572"]
[PlyCount "121"]
[EventDate "2009.??.??"]

1. d4 d5 2. Nf3 Nf6 3. g3 Nc6 4. Bg2 Bf5 5. O-O Nb4 6. Na3 e6 7. c3 Nc6 8. Nc2
h6 9. Ne3 Be4 10. Re1 Bxf3 11. Bxf3 Qd7 12. Nf1 Be7 13. Nd2 O-O 14. e4 dxe4 15.
Nxe4 Rad8 16. Qe2 b6 17. Bg2 Nd5 18. f4 Na5 19. c4 Nxf4 20. Bxf4 Qxd4+ 21. Kh1
e5 22. Bxh6 gxh6 23. Qg4+ Bg5 24. Qf5 Qd7 25. Qf1 Qe6 26. b3 Nc6 27. Qe2 Nd4
28. Nxg5 hxg5 29. Qxe5 Nc2 30. Qxg5+ Qg6 31. Qf4 Nxa1 32. Rxa1 Rd6 33. Rf1 Re8
34. Bd5 Re7 35. Qh4 Kf8 36. Qh8+ Qg8 37. Qh3 c6 38. Qc8+ Re8 39. Qc7 Rxd5 40.
cxd5 Qg6 41. Qf4 cxd5 42. Qd4 Qe4+ 43. Qxe4 Rxe4 44. Rf2 d4 45. Kg2 Re3 46. Rd2
Rc3 47. h4 Kg7 48. Kh3 d3 49. Kg4 Rc2 50. Rxd3 Rxa2 51. Rd2 Rc2 52. Rd3 Ra2 53.
Rd7 Ra3 54. Rb7 Rxb3 55. Rxa7 b5 56. Rb7 b4 57. h5 Rb1 58. Kg5 b3 59. g4 b2 60.
h6+ Kg8 61. Rb8+ 1/2-1/2

[Event "Open"]
[Site "Schneeberg"]
[Date "2009.03.13"]
[Round "7.2"]
[White "Schoenfelder, Claus"]
[Black "Poessel, Christian"]
[Result "0-1"]
[WhiteElo "1542"]
[BlackElo "1582"]
[PlyCount "64"]
[EventDate "2009.??.??"]
[WhiteTeam "Deutschland"]
[BlackTeam "Deutschland"]
[WhiteTeamCountry "GER"]
[BlackTeamCountry "GER"]

1. e4 e6 2. d4 d5 3. exd5 exd5 4. Nf3 Nf6 5. Be2 Bd6 6. Nc3 c6 7. O-O O-O 8.
Bg5 Be6 9. Ne1 Bf5 10. Bd3 Bxd3 11. Qxd3 Nbd7 12. g3 h6 13. Bxf6 Nxf6 14. Ng2
Qd7 15. f3 Rae8 16. Rae1 Nh5 17. Rxe8 Rxe8 18. Nh4 g6 19. Ne2 Kg7 20. f4 Qg4
21. Kf2 Nxf4 22. Nxf4 Bxf4 23. Qf3 Be3+ 24. Kg2 Qxf3+ 25. Nxf3 Re4 26. c3 h5
27. Ne5 f5 28. Nd3 Bg5 29. Rf2 Be3 30. Rc2 Kf6 31. a4 Bh6 32. Kf3 Re3+ 0-1

[Event "Open"]
[Site "Schneeberg"]
[Date "2009.03.13"]
[Round "7.2"]
[White "Coder, Thorsten"]
[Black "Schoenemann, Robert"]
[Result "1-0"]
[WhiteElo "1986"]
[BlackElo "1659"]
[PlyCount "103"]
[EventDate "2009.??.??"]

1. d4 d5 2. Nf3 Nf6 3. Bf4 e6 4. e3 c5 5. c3 a6 6. Nbd2 c4 7. Qc2 b5 8. a3 Nc6
9. Ne5 Bb7 10. Be2 Bd6 11. Nxc6 Bxc6 12. Bg3 O-O 13. Bf3 Re8 14. O-O Qc7 15. e4
e5 16. exd5 Bxd5 17. Bxd5 Nxd5 18. Ne4 Nf4 19. Nxd6 Qxd6 20. Qe4 Qg6 21. Qxg6
Nxg6 22. dxe5 Nxe5 23. Bxe5 Rxe5 24. Rfe1 Rxe1+ 25. Rxe1 Kf8 26. Rd1 Ke7 27.
Kf1 a5 28. Rd4 Ke6 29. Ke2 Ra6 30. Ke3 Rd6 31. Rxd6+ Kxd6 32. a4 bxa4 33. Kd4
g5 34. g4 h6 35. h3 f6 36. f3 Ke6 37. Kxc4 Ke5 38. Kb5 Kf4 39. c4 Kxf3 40. c5
Kg3 41. c6 Kxh3 42. c7 Kxg4 43. c8=Q+ f5 44. Kc4 h5 45. Kd3 h4 46. Ke3 h3 47.
Kf2 a3 48. bxa3 a4 49. Qd7 Kh4 50. Qxf5 g4 51. Qf4 Kh5 52. Kg3 1-0